Rumänien-Quiz - Sudden Death - Statistiken

Allgemein
  • Dieses Quiz wurde 172 mal gespielt
  • Das Durchschnittsergebnis liegt bei 4 aus 10
Answers on the Grid
Answers color-coded by a green-red scale on the quiz's grid according to % correct below.
Dies ist die Flagge Rumäniens: 🇷🇴
Die rumänische Hauptstadt ist Bukarest
Rumänien ist in der Europäischen Union
In Rumänien zahlt man mit dem Euro
In Rumänien gibt es kein Pfandsystem
Rumänien hat bereits den ESC gewonnen
Rumänisch wird zu den romanischen Sprachen gezählt
In Rumänien leben mehr Frauen als Männer
Rumänien liegt (zum Teil) im Balkan
Rumänien grenzt an ein Land mit dieser Flagge: 🇦🇩
Rumänien gehörte zur Sowjetunion
Die Fläche Rumäniens ist kleiner als die von Belarus
Die Küstenlänge Rumäniens ist kleiner als die von Estland
Rumänien ist in der NATO
Das rumänische KFZ-Kennzeichen lautet "RU"
Das BIP pro Kopf von Rumänien ist niedriger als das von Bulgarien
Rumänien liegt am Mittelmeer
Rumänien hat keine Stadt, in der mindestens 1 Million Menschen leben
Rumänien hat mehr Einwohner als Griechenland
Rumänien wird von der Donau durchflossen
 
Antwortstatistiken
Antwort % Korrekt
Dies ist die Flagge Rumäniens: 🇷🇴
51%
Die rumänische Hauptstadt ist Bukarest
46%
Rumänien ist in der NATO
43%
Rumänien ist in der Europäischen Union
41%
Rumänien liegt (zum Teil) im Balkan
41%
Rumänien wird von der Donau durchflossen
38%
Rumänisch wird zu den romanischen Sprachen gezählt
35%
Rumänien hat mehr Einwohner als Griechenland
29%
Die Küstenlänge Rumäniens ist kleiner als die von Estland
20%
In Rumänien leben mehr Frauen als Männer
17%
Keine übereinstimmenden Quizze gefunden
Verteilung der Resultate
Anzahl Personen mit jedem Resultat
Perzentil nach korrekt beantworteten Fragen
Ihre Resultats-Entwicklung
Sie haben dieses Quiz noch nicht gespielt